Textbook of Practical Botany (Record no. 67951)

MARC details
000 -LEADER
fixed length control field 00370nam a2200133Ia 4500
008 - FIXED-LENGTH DATA ELEMENTS--GENERAL INFORMATION
fixed length control field 211109s9999||||xx |||||||||||||| ||und||
082 ## - DEWEY DECIMAL CLASSIFICATION NUMBER
Classification number 580
Item number BEN-T
100 ## - MAIN ENTRY--PERSONAL NAME
Personal name Bendre, Ashok
245 #0 - TITLE STATEMENT
Title Textbook of Practical Botany
260 ## - PUBLICATION, DISTRIBUTION, ETC.
Name of publisher, distributor, etc. Rastogi Publicaions
Place of publication, distribution, etc. Meerut
Date of publication, distribution, etc. 2003
630 ## - SUBJECT ADDED ENTRY--UNIFORM TITLE
General subdivision General Stack
650 ## - SUBJECT ADDED ENTRY--TOPICAL TERM
Topical term or geographic name entry element NATURAL SCIENCE& MATHEMATICS
942 ## - ADDED ENTRY ELEMENTS (KOHA)
Koha item type BOOK
650 ## - SUBJECT ADDED ENTRY--TOPICAL TERM
Form subdivision PLANTSBotany
Holdings
Withdrawn status Lost status Damaged status Not for loan Home library Current library Date acquired Cost, normal purchase price Total Checkouts Full call number Barcode Shelving location Date last seen Price effective from Koha item type
        SB LIBRARY SB LIBRARY 09/11/2021 140.00   580 BEN-T 00052040 GENERAL STACK 09/11/2021 09/11/2021 BOOK

Powered by Koha